=LDR 00000nam 2200000 4500 =001 INLIS000000000008714 =005 20130612100541 =008 ***********************************Ian** =035 ##$$0010-061300000008714 =041 ##$$a Ian =082 ##$$a 320.507 =090 ##$$a 320.507, Pen P =245 ##$$a PPKN I Klas I =260 ##$$a 2000 $b Semarang =300 ##$$a ix,120 hlm , Ilus , 30 cm =650 ##$$a Pancasila-Setudi dan Pengajaran